Taylor Swift - Paroles You're Losing Me - Statistiques

Statistiques générales
  • Ce quiz a été pris 419 fois
    403 depuis la dernière actualisation
  • Le résultat moyen est 342 sur 393
Statistiques - réponses
Hint Réponse % Correct
a
100%
A
100%
"I
100%
I
100%
me
100%
me)
100%
me"
100%
Couplet 1 You,
100%
you
100%
You
100%
your
100%
an
99%
losin'
99%
can
98%
Pré-refrain Do
98%
"Do
98%
you're
98%
(You're
98%
(you're
98%
Outro You're
98%
and
97%
Pré-refrain And
97%
be
97%
don't
97%
don't"
97%
say,
97%
say
97%
(say
97%
Who
97%
My
96%
my
96%
the
96%
to
96%
To
96%
We
96%
we
96%
for
95%
For
95%
heart
95%
Refrain Stop,
95%
Stop
95%
(stop)
95%
(stop,
95%
stop),
95%
can't
94%
won't
94%
at
93%
How
93%
I'm
93%
know
93%
anymore
92%
in
92%
this
92%
understand",
92%
best
91%
find
91%
would
91%
'cause
90%
'Cause
90%
('cause
90%
her
90%
it
90%
it?
90%
love
89%
start
89%
thing
89%
wouldn't
89%
party
88%
people
88%
were
88%
all
87%
army
87%
marry
87%
see
87%
something,
87%
something"
87%
something)
87%
as
86%
babe,
86%
could
86%
got
86%
(got
86%
only
86%
pulse
86%
sad
86%
song
86%
long
85%
was
85%
gone
84%
pleaser
84%
that
84%
either
83%
Fighting
83%
ignore
82%
pathological
82%
did
81%
gave
81%
it's
81%
now,
81%
Now,
81%
soldier
81%
'Til
80%
too
80%
back
79%
"Lose
79%
nothing
79%
nothing)
79%
time,
79%
time
79%
wanted
79%
endless
78%
Couplet 2 Every
78%
if
78%
is
78%
of
78%
someone
78%
tell
78%
believe
77%
bring
76%
but
76%
empathy
76%
thought
76%
far
75%
keep
75%
tried
75%
choosin'
74%
life?
74%
Unless
74%
dark
73%
fear
73%
just
73%
what
73%
wonder
73%
ashes
72%
dyin'?
72%
everything
72%
from
72%
light
72%
loved
72%
out
72%
risk
72%
bleed
71%
lookin'
71%
me's,
71%
phoenix
71%
sick
71%
tired
71%
until
71%
bravest
70%
built
70%
come
70%
cure
70%
even
70%
room,
70%
sit
70%
Always
69%
eyes
69%
they
69%
thinkin'
68%
admit
67%
"Choose
67%
face
67%
gray,
67%
with
67%
getting
66%
Remember
66%
risin'
66%
throw
66%
final
65%
Frontlines,
65%
or
64%
have
63%
mornin',
63%
through
62%
down
60%
storms
60%
fadin',
58%
blow
56%
hallway
56%
might
54%
signals
52%
glared
49%
sent
49%
such
49%
gashes
48%
pain
48%
runnin'
48%
imposition
47%
air
45%
indecision
45%
quick
44%
Mendin'
41%
nails
38%
loss
37%
dealt
35%
bit
34%
thick
34%
Aucun quiz correspondant
Distribution des résultats
% des personnes avec chaque résultat
Percentile par nombre de réponses
Votre historique - résultats
Vous n’avez pas pris ce quiz depuis la dernière actualisation